000 00896cam a22002654a 4500
001 sa 67001115
003 DLC
005 20260227112320.0
008 891120s1966 ii b 000 0 hino
010 _asa 67001115
035 _a(OCoLC)20674560
040 _aDLC
_cDLC
050 0 0 _aPK2040.5
_b.V4835 1966
100 0 _aVinaya,
_d1937-
245 1 0 _aMahābhārata kā ādhunika Hindī prabandha kāvyoṃ para prabhāva /
_cVinaya.
250 _a1. saṃskaraṇa.
260 _aDillī :
_bSanmārga Prakāśana,
_c1966.
300 _a20, 484 p. ;
_c22 cm.
546 _aIn Hindi.
500 _a"Dillī Viśvavidyālaya kī Pī.-Eca. Ḍī kī upādhi ke lie svīkr̥ta śodha-prabandha."
504 _aIncludes bibliographical references (p. [479]-484).
650 0 _aHindi poetry
_y20th century
_xHistory and criticism.
630 0 0 _aMahābhārata
_xInfluence.
650 0 _aPoetics.
999 _c72395
_d72395